Southville International School and Colleges
Your cart is empty.
  • Cart
  • Lists
    Public lists Eva Luna New books Lux_list list_1
    Your lists Log in to create your own lists
  • Log in to your account
  • Your cookies
  • Search history
Southville International School and Colleges
  • Advanced search
  • Recent comments
  • Most popular
  • Libraries

Log in to your account

Log in with GOOGLE


If you do not have an external account, but do have a local account, you can still log in:

  1. Home
  2. MARC view: The Count of Monte Cristo.
Normal view MARC view ISBD view

The Count of Monte Cristo. (Record no. 111001)

[ view plain ]
MARC details
000 -LEADER
fixed length control field 00453nam a2200181 a 4500
001 - CONTROL NUMBER
control field 4133
003 - CONTROL NUMBER IDENTIFIER
control field MO
005 - DATE AND TIME OF LATEST TRANSACTION
control field 20170315083756.0
008 - FIXED-LENGTH DATA ELEMENTS--GENERAL INFORMATION
fixed length control field 090217s19uu xx 00 eng d
020 ## - INTERNATIONAL STANDARD BOOK NUMBER
International Standard Book Number 1-582791-86-4
050 ## - LIBRARY OF CONGRESS CALL NUMBER
Classification number TR
Item number D89 2001
100 ## - MAIN ENTRY--PERSONAL NAME
Personal name Dumas, Alexandre, 1802-1870.
245 ## - TITLE STATEMENT
Title The Count of Monte Cristo.
260 ## - PUBLICATION, DISTRIBUTION, ETC. (IMPRINT)
Place of publication, distribution, etc London :
Name of publisher, distributor, etc Mason Crest,
Date of publication, distribution, etc c2001.
300 ## - PHYSICAL DESCRIPTION
Extent 989 p. : col., ill. ; cm.
942 ## - ADDED ENTRY ELEMENTS (KOHA)
Source of classification or shelving scheme Dewey Decimal Classification
Koha item type Books
Holdings
Withdrawn status Lost status Source of classification or shelving scheme Damaged status Home library Current library Shelving location Date acquired Source of acquisition Total Checkouts Full call number Barcode Date last seen Price effective from Koha item type
    Dewey Decimal Classification   Munich Library Munich Library Teachers Reference Section 02/17/2009 Library Fund   TR D89 2001 M1549 04/14/2014 04/14/2014 Books

The Count of Monte Cristo.

APA

Dumas A. 1., . (2001). The Count of Monte Cristo. London: Mason Crest.

Chicago

Dumas Alexandre 1802-1870, . 2001. The Count of Monte Cristo. London: Mason Crest.

Harvard

Dumas A. 1., . (2001). The Count of Monte Cristo. London: Mason Crest.

MLA

Dumas Alexandre 1802-1870, . The Count of Monte Cristo. London: Mason Crest. 2001.

  • Place hold
  • Print
  • Cite
  • Add to your cart (remove)
  • Save record
    BIBTEX Dublin Core MARCXML MARC (non-Unicode/MARC-8) MARC (Unicode/UTF-8) MARC (Unicode/UTF-8, Standard) MODS (XML) RIS
  • More searches
    Search for this title in:
    Other Libraries (WorldCat) Other Databases (Google Scholar) Online Stores (Bookfinder.com) Open Library (openlibrary.org)

Exporting to Dublin Core...

SOUTHVILLE LIBRARY

Southville International School and Colleges Library

1281 Tropical Ave. Cor. Luxembourg St., BF Homes International, Las Pinas City

Tel. No. 8256374 / 252358 Loc. 117/146

Powered by Koha